|
|
|
|
| LEADER |
00000nab a2200000uu 4500 |
| 001 |
vtls011504417 |
| 003 |
SK-MaSNL |
| 005 |
20260303155420.0 |
| 008 |
230222|1971 xo |||||||||||||||||cze| |
| 015 |
|
|
|a SNBRB
|
| 035 |
|
|
|a (urnnbn)urn:nbn:sk:snk:ar-a0ajv1
|
| 035 |
|
|
|a (uuid)b38a29d9-e0b1-442f-9fe9-641f14710837
|
| 035 |
|
|
|a urn:nbn:sk:snk-abdy2k
|
| 040 |
|
|
|a SNKBUCL
|b slo
|c SNKBUCL
|e AACR2
|
| 041 |
0 |
|
|a cze
|
| 044 |
|
|
|a xo
|c SK
|
| 100 |
1 |
|
|a Vrtěl, Jaroslav
|4 aut
|9 730734
|
| 245 |
1 |
0 |
|a Kritéria mechaniky lomu pro svařitelné oceli s uvážením lokálního technologického ovlivnění
|c Jaroslav Vrtěl
|
| 773 |
0 |
|
|t Zváranie : odborný časopis československých zváračov
|g Roč. 20, č. 9-11 (1971), s. 263-271
|
| 954 |
|
|
|a odborná, vedecká literatúra pôvodná (slovenská)
|2 lita
|
| 954 |
|
|
|a odborná, vedecká literatúra cudzojazyčná (svetová)
|2 lita
|
| 958 |
|
|
|a OND
|
| 958 |
|
|
|a EUIPO
|
| 958 |
|
|
|a article20
|
| 999 |
|
|
|c 2040101
|d 2042031
|